000 00656nam a22002297a 4500
005 20140311162705.0
010 _aENG-109525
020 _c550.00
_a9781259026522
020 _c550.00
_a1259026523
035 _aEN-93058
037 _bDBAD/PUB
082 _a657.42
100 _aJawahar Lal
245 0 0 _aCost accounting /
_cby Jawahar Lal [and] Seema Srivastava
250 _a5th ed
260 _aNew Delhi
_bMcGraw Hill Education
_c2013
270 _aP-24, Green Park Extn.
_bNew Delhi
_e110016
300 _axxx,1049p.
_c25cm(pbk)
500 _aIncludes index
700 _aSrivastava, Seema
942 _2ddc
_cEN
_mJAW
_h657.42
999 _c82897
_d82897